Bordering Countries with a Common 4-letter block - Statistics

General Stats
  • This quiz has been taken 86 times
  • The average score is 35 of 42
Answer Stats
Country % Correct
Afghanistan
92%
Afghanistan
92%
Afghanistan
92%
Afghanistan
92%
Democratic Republic of the Congo
92%
Democratic Republic of the Congo
92%
Kazakhstan
92%
Kazakhstan
92%
Kazakhstan
92%
North Korea
92%
Pakistan
92%
Republic of the Congo
92%
Republic of the Congo
92%
South Korea
92%
Kyrgyzstan
90%
Kyrgyzstan
90%
Kyrgyzstan
90%
Tajikistan
90%
Tajikistan
90%
Tajikistan
90%
Turkmenistan
90%
Turkmenistan
90%
Turkmenistan
90%
Uzbekistan
90%
Uzbekistan
90%
Uzbekistan
90%
Uzbekistan
90%
Uzbekistan
90%
South Sudan
88%
Sudan
88%
Central African Republic
82%
Central African Republic
82%
Niger
82%
Nigeria
82%
Guinea
73%
Guinea-Bissau
73%
Saudi Arabia
53%
United Arab Emirates
53%
Rwanda
52%
Uganda
52%
Zambia
45%
Mozambique
40%
No matching quizzes found
Score Distribution
Percent of People with Each Score
Percentile by Number Answered
Your Score History
You have not taken this quiz